000 00331nam a22001457a 4500
008 230327b ||||| |||| 00| 0 eng d
020 _a1884735975
041 _aeng
080 _2SECOND EDITION
_a61
082 _a61
100 _a8
101 _aMJEKSI
245 _aMEDICAL MANAGEMENT OF GLAUCOMA
_cTSAI.C.J
942 _2udc
_cBK
999 _c59457
_d59457